Acció de govern de la Generalitat de Catalunya : Maig-desembre 1980 Maig-desembre 1980
Descripción Física:
154 p. ; 21 cm
Colección:
Col·lecció Departament de la Presidència ; 9
Materias:
Catalunya -- Política i govern
MARC
| LEADER | 00000nam a2200000Ia 4500 | ||
|---|---|---|---|
| 001 | 558 | ||
| 008 | 160829s1981 xx 000 0 cat d | ||
| 080 | |a M-2-166 | ||
| 110 | 1 | |a Catalunya. |b Generalitat |9 12125 | |
| 245 | |a Acció de govern de la Generalitat de Catalunya : |b Maig-desembre 1980 | ||
| 260 | |a Barcelona : |b Servei Central de Publicacions de la Generalitat de Catalunya, |c 1981 | ||
| 300 | |a 154 p. ; |c 21 cm | ||
| 490 | |a Col·lecció Departament de la Presidència ; 9 | ||
| 651 | 0 | |a Catalunya |x Política i govern |9 53682 | |
| 901 | |a Arxiu | ||
| 942 | |n 1 | ||
| 952 | |0 0 |1 0 |4 0 |6 M2166 |7 1 |9 42599 |a Arxiu |b Arxiu |d 2016-12-01 |l 0 |o M-2-166 |p 558 |r 2016-12-01 00:00:00 |w 2016-12-01 |y ARXIU | ||
| 999 | |c 45104 |d 45104 | ||